| Tag |
First Indicator |
Second Indicator |
Subfields |
| LEADER |
00000cam a22000008a 4500 |
| 001 |
in00000029193 |
| 005 |
20151007060126.0 |
| 008 |
870604s1987 wau 00011 eng |
| 010 |
|
|
|a 87016037
|
| 020 |
|
|
|a 1557420440 :
|c $19.95
|
| 035 |
|
|
|a (OCoLC)16128816
|
| 035 |
|
|
|9 AAC0114AM
|
| 040 |
|
|
|a DLC
|c DLC
|d TXA
|d UtOrBLW
|
| 049 |
|
|
|a TXAS
|c [A09894225]
|
| 050 |
0 |
0 |
|a PR6062.E4163
|b D66 1987
|
| 100 |
1 |
|
|a Lee, Tanith.
|
| 245 |
1 |
0 |
|a Don't bite the sun /
|c Tanith Lee.
|
| 264 |
|
1 |
|a Mercer Island, Wash. :
|b Starmont House,
|c 1987.
|
| 300 |
|
|
|a 158 pages ;
|c 21 cm.
|
| 336 |
|
|
|a text
|b txt
|2 rdacontent
|
| 337 |
|
|
|a unmediated
|b n
|2 rdamedia
|
| 338 |
|
|
|a volume
|b nc
|2 rdacarrier
|
| 490 |
1 |
|
|a Starmont hardcover collection ;
|v #1
|
| 490 |
1 |
|
|a [The Four-BEE Series ;
|v book one]
|
| 500 |
|
|
|a One of the Cushing Library/Science Fiction copies was used to compile Daughter of the night : an annotated Tanith Lee bibliography.
|
| 800 |
1 |
|
|a Lee, Tanith.
|t Four-BEE Series ;
|v book one.
|
| 830 |
|
0 |
|a Starmont hardcover collection ;
|v #1.
|
| 999 |
|
|
|a MARS
|
| 999 |
f |
f |
|s 28dfaf8b-b853-3b95-9268-c3b9730fcbb3
|i 54999d35-cfb8-3fa7-b33f-36acd9d6c52a
|t 0
|
| 952 |
f |
f |
|p noncirc
|a Texas A&M University
|b College Station
|c Cushing Memorial Library & Archives
|d Cushing: Science Fiction (Does not check out)
|t 0
|e PR6062.E4163 D66 1987
|h Library of Congress classification
|i unmediated -- volume
|
| 952 |
f |
f |
|p noncirc
|a Texas A&M University
|b College Station
|c Cushing Memorial Library & Archives
|d Cushing: Science Fiction (Does not check out)
|t 0
|e PR6062.E4163 D66 1987
|h Library of Congress classification
|i unmediated -- volume
|m A14809894225
|
| 998 |
f |
f |
|a PR6062.E4163 D66 1987
|t 0
|l Cushing: Science Fiction (Does not check out)
|
| 998 |
f |
f |
|a PR6062.E4163 D66 1987
|t 0
|l Cushing: Science Fiction (Does not check out)
|